Electric Machinery / (Record no. 527246)

000 -LEADER
fixed length control field 01348cam a22003494a 4500
001 - CONTROL NUMBER
control field 12761102
003 - CONTROL NUMBER IDENTIFIER
control field NUST
005 - DATE AND TIME OF LATEST TRANSACTION
control field 20211015110225.0
008 - FIXED-LENGTH DATA ELEMENTS--GENERAL INFORMATION
fixed length control field 020501s2003 maua 001 0 eng
010 ## - LIBRARY OF CONGRESS CONTROL NUMBER
LC control number 2002070988
020 ## - INTERNATIONAL STANDARD BOOK NUMBER
International Standard Book Number 0070530394
038 ## - RECORD CONTENT LICENSOR
Staff Name khadija
040 ## - CATALOGING SOURCE
Original cataloging agency DLC
Transcribing agency DLC
Modifying agency DLC
042 ## - AUTHENTICATION CODE
Authentication code pcc
050 00 - LIBRARY OF CONGRESS CALL NUMBER
Classification number TK2181
Item number .F5 2003
082 00 - DEWEY DECIMAL CLASSIFICATION NUMBER
Classification number 621.3104
Edition number 21
Author Mark FIT
100 1# - MAIN ENTRY--PERSONAL NAME
Personal name A.E. Fitzgerald, Charles Kingsley, Jr., Stephen D. Umans.
Fuller form of name (Arthur Eugene),
Dates associated with a name 1909-
9 (RLIN) 18386
245 10 - TITLE STATEMENT
Title Electric Machinery /
Statement of responsibility, etc. A.E. Fitzgerald, Charles Kingsley, Jr., Stephen D. Umans.
250 ## - EDITION STATEMENT
Edition statement 6th ed.
260 ## - PUBLICATION, DISTRIBUTION, ETC.
Place of publication, distribution, etc. Boston, Mass. :
Name of publisher, distributor, etc. McGraw-Hill,
Date of publication, distribution, etc. c2003.
300 ## - PHYSICAL DESCRIPTION
Extent xv, 688 p. :
Other physical details ill.
Dimensions 24 cm.
440 #0 - SERIES STATEMENT/ADDED ENTRY--TITLE
Title McGraw-Hill series in electrical engineering.
Name of part/section of a work Power and energy
9 (RLIN) 18387
563 ## - BINDING INFORMATION
Binding note PB
650 #0 - SUBJECT ADDED ENTRY--TOPICAL TERM
Topical term or geographic name entry element Electric machinery.
9 (RLIN) 18388
700 1# - ADDED ENTRY--PERSONAL NAME
Personal name Kingsley, Charles,
Dates associated with a name 1904-1994.
9 (RLIN) 18389
700 1# - ADDED ENTRY--PERSONAL NAME
Personal name Umans, Stephen D.
9 (RLIN) 18390
856 42 - ELECTRONIC LOCATION AND ACCESS
Materials specified Publisher description
Uniform Resource Identifier <a href="http://www.loc.gov/catdir/description/mh024/2002070988.html">http://www.loc.gov/catdir/description/mh024/2002070988.html</a>
856 41 - ELECTRONIC LOCATION AND ACCESS
Materials specified Table of contents
Uniform Resource Identifier <a href="http://www.loc.gov/catdir/toc/mh023/2002070988.html">http://www.loc.gov/catdir/toc/mh023/2002070988.html</a>
906 ## - LOCAL DATA ELEMENT F, LDF (RLIN)
a 7
b cbc
c orignew
d 1
e ocip
f 20
g y-gencatlg
942 ## - ADDED ENTRY ELEMENTS (KOHA)
Source of classification or shelving scheme
Koha item type Book
Holdings
Withdrawn status Lost status Source of classification or shelving scheme Damaged status Not for loan Permanent Location Current Location Shelving location Date acquired Full call number Barcode Date last seen Price effective from Koha item type
          School of Mechanical & Manufacturing Engineering (SMME) School of Mechanical & Manufacturing Engineering (SMME) General Stacks 07/23/2019 621.3104 FIT SMME-3413 07/23/2019 07/23/2019 Book
© 2023 Central Library, National University of Sciences and Technology. All Rights Reserved.